Statistics for Top 15 Countries with Covid-19 Deaths - 6 October

Click here to take the quiz!

General Stats

  • This quiz has been taken 15 times
  • The average score is 14 of 20

Answer Stats

country% Correct
United States
100%
Brazil
93%
Mexico
93%
Italy
86%
Russia
86%
Spain
86%
Argentina
79%
France
79%
India
79%
United Kingdom
79%
Chile
71%
Colombia
71%
Peru
71%
Iran
57%
Bolivia
50%
Ecuador
50%
South Africa
50%
Belgium
43%
Panama
43%
Sweden
43%

Score Distribution

Percentile by Number Answered

Percent of People with Each Score

Your Score History

You have not taken this quiz